| 000 | 00990pam a2200313 a 4500 | ||
|---|---|---|---|
| 001 | 015396876 | ||
| 003 | Uk | ||
| 005 | 20150408113956.0 | ||
| 008 | 111213r20102008enk d 001 0 eng d | ||
| 015 |
_aGBA9A1549 _2bnb |
||
| 020 |
_a9780199232055 (pbk.) : _c£9.99 |
||
| 020 |
_a0199232059 (pbk.) : _c£9.99 |
||
| 040 |
_aStDuBDS _beng _cStDuBDS _dUk |
||
| 042 | _aukblcatcopy | ||
| 082 | 0 | 4 |
_a427.09 O X D _222 |
| 245 | 0 | 0 | _aOxford dictionary of modern slang. |
| 250 |
_a2nd ed. / _bJohn Ayto, John Simpson. |
||
| 260 |
_aOxford : _bOxford University Press, _c2010. |
||
| 300 |
_axi, 408 p. ; _c20 cm. |
||
| 490 | 0 | _aOxford paperback reference | |
| 500 | _aThis ed. originally published: 2008. | ||
| 500 | _aIncludes thematic index. | ||
| 500 |
_aFormerly CIP. _5Uk |
||
| 650 | 0 |
_aEnglish language _xSlang _vDictionaries. _95660 |
|
| 700 | 1 |
_aAyto, John. _95661 |
|
| 700 | 1 |
_aSimpson, J. A., _d1953- _97773 |
|
| 942 |
_2ddc _cDVD |
||
| 999 |
_c19560 _d254060 |
||